书目信息 |
| 题名: |
计算语言学概论
|
|
| 作者: | 俞士汶 主编 | |
| 分册: | ||
| 出版信息: | 北京 商务印书馆 2003 |
|
| 页数: | 357页 | |
| 开本: | 20cm | |
| 丛书名: | ||
| 单 册: | ||
| 中图分类: | H087 | |
| 科图分类: | ||
| 主题词: | 数理语言学--教材 , 数理语言学 | |
| 电子资源: | ||
| ISBN: | 7-100-03796-4 | |
| 000 | 00781nam0 2200253 450 | |
| 001 | 002508240 | |
| 005 | 20091230084636.76 | |
| 010 | @a7-100-03796-4@dCNY20.00 | |
| 100 | @a20031121d2003 em y0chiy0110 ea | |
| 101 | 0 | @achi |
| 102 | @aCN@b110000 | |
| 105 | @ay z 000yy | |
| 106 | @ar | |
| 200 | 1 | @a计算语言学概论@9ji suan yu yan xue gai lun@f俞士汶主编 |
| 210 | @a北京@c商务印书馆@d2003 | |
| 215 | @a357页@d20cm | |
| 300 | @a应用语言学系列教材 | |
| 330 | @a本书从计算语言学的基础知识、算法和应用三个方面,系统地介绍了计算语言学的基础理论、相关的自然语言处理技术和应用。 | |
| 606 | 0 | @a数理语言学@j教材 |
| 606 | 0 | @a数理语言学 |
| 690 | @aH087@v4 | |
| 701 | 0 | @a俞士汶@9yu shi wen@f(1938.12~)@4主编 |
| 801 | 0 | @aCN@bNLC@c20091230 |
| 905 | @b20798750-54@dH087@e158@f5 | |
| 计算语言学概论/俞士汶主编.-北京:商务印书馆,2003 |
| 357页;20cm |
| 应用语言学系列教材 |
| ISBN 7-100-03796-4:CNY20.00 |
| 本书从计算语言学的基础知识、算法和应用三个方面,系统地介绍了计算语言学的基础理论、相关的自然语言处理技术和应用。 |
| ● |
| 相关链接 |
|
|
|
|
正题名:计算语言学概论
索取号:H087/158
 
预约/预借
| 序号 | 登录号 | 条形码 | 馆藏地/架位号 | 状态 | 备注 |
| 1 | 798750 | 207987507 | 第二样本阅览室/ [索取号:H087/158] | 在馆 | |
| 2 | 798751 | 207987516 | 第四借阅区/ [索取号:H087/158] | 在馆 | |
| 3 | 798752 | 207987525 | 第四借阅区/ [索取号:H087/158] | 在馆 | |
| 4 | 798753 | 207987534 | 第四借阅区/ [索取号:H087/158] | 在馆 | |
| 5 | 798754 | 207987543 | 第四借阅区/ [索取号:H087/158] |
已借出,限还日期为2026.09.19 借出人:刘燕岚 |